Simpsons Movie Parodies Quiz Stats

 Plays Quiz Updated Mar 10, 2016

Also try: The Simpsons A-Z
Challenge
Share
Tweet
Score 0/25 Timer 10:00
4 Plays Today
% Correct
Jaws
98.2%
The Wizard of Oz
85.4%
Planet of the Apes
84.5%
The Silence of the Lambs
83.9%
The Godfather
83.7%
Thelma & Louise
76.6%
Fantasia
76.4%
Casablanca
74%
A Clockwork Orange
71.7%
The Graduate
71.5%
The Karate Kid
68.5%
Risky Business
62.1%
Taxi Driver
61.8%
% Correct
Rear Window
61.7%
Rain Man
60.4%
Crocodile Dundee
59.9%
Pulp Fiction
59.2%
North by Northwest
57.4%
Citizen Kane
57%
Basic Instinct
56.8%
E.T. the Extra-Terrestrial
52.6%
The Seven Year Itch
46.4%
One Flew Over the Cuckoo's Nest
35.9%
Vertigo
28.7%
Close Encounters of the Third Kind
28.3%

You're not logged in!

Compare scores with friends on all Sporcle quizzes.
OR
Log In

You Might Also Like...

Show Comments

Extras

Top Quizzes Today


Score Distribution

Your Account Isn't Verified!

In order to create a playlist on Sporcle, you need to verify the email address you used during registration. Go to your Sporcle Settings to finish the process.

Report this User

Report this user for behavior that violates our Community Guidelines.

Details: